| 000 | 01033nac a22003137a 4500 | ||
|---|---|---|---|
| 001 | BR0103400 | ||
| 003 | BR-BrBNA | ||
| 005 | 20240105122559.0 | ||
| 008 | 230509b bl.|||m| |||| 00| 0 por d | ||
| 040 |
_aBR-BrBNA _bpor _cBiblioteca Nacional de Agricultura |
||
| 072 | _aF30; F06 | ||
| 090 | _a1410 BR0103400 | ||
| 100 | 1 | _aSouza Filho, B.F. de | |
| 100 | 1 | _aAndrade, W.E. de B. | |
| 100 | 1 | _aFernandes, G.M.B. | |
| 100 | 1 | _aPinto, R.S. | |
| 110 | 1 | _aEmpresa de Pesquisa Agropecuaria do Estado do Rio de Janeiro, Niteroi (Brasil) | |
| 245 | 1 | _aResposta de genotipos de feijao a irrigacao no norte fluminence | |
| 260 | 3 |
_aNiteroi, RJ (Brasil): _c2001. |
|
| 300 | _a3 p. | ||
| 490 |
_aComunicado Tecnico - Empresa de Pesquisa Agropecuaria do Estado do Rio de Janeiro (Brazil) _vno. 257 _xISSN 0100-896X |
||
| 650 | _aFeijao | ||
| 650 | _aGenotipo | ||
| 650 | _aIrrigacao | ||
| 650 | _aResposta da Planta | ||
| 650 | _aRio de Janeiro | ||
| 909 |
_a202312 _bLúcia Elande _c55 _dLúcia Elande |
||
| 942 |
_2AGRIS _n0 _cMS |
||
| 999 |
_c291768 _d291768 |
||